000 00929cab a2200289 4500
001 ABS56897
008 090401t1997 xxu||||| |||| 00| 0 eng d
035 _a(Sirsi) u78012
041 _aeng
100 _aGascoigne, I.
245 _aReducing a negligent valuer`s liability
260 _c1997
350 _a0
490 _aSolicitors` Journal
_v141(15) 18 April 1997, 354-355(2)
520 _aReviews the law regarding negligent valuers liability and looks at possible ways to reduce liability. Case law.
650 _aBBL V EAGLE STAR
650 _aBIRSE CONSTRUCTION LTD V HAISTE LTD AND OTHERS
650 _aLENDING CRITERIA
650 _aLIABILITY
650 _aNEGLIGENCE
650 _aNEGLIGENT VALUATION
650 _aNYCKELN FINANCE CO LTD V STUMPBROOK CONTINUATION LTD
650 _aVALUERS
690 _aMANAGEMENT-BUSINESS MANAGEMENT-PROFESSIONAL PRACTICE
942 _n0
948 _c28/04/1997
999 _c49069
_d49069